An anthology of houses / (Record no. 549254)

000 -LEADER
fixed length control field 00365nam a22001337a 4500
082 ## - DEWEY DECIMAL CLASSIFICATION NUMBER
Classification number 728.3
Author Mark ANT
-- L-14, P-5
100 ## - MAIN ENTRY--PERSONAL NAME
Personal name Monica Pidgeon
9 (RLIN) 45815
245 ## - TITLE STATEMENT
Title An anthology of houses /
Statement of responsibility, etc. Pidgeon Monica
260 ## - PUBLICATION, DISTRIBUTION, ETC.
Place of publication, distribution, etc. London :
Name of publisher, distributor, etc. B.T Batsford Limited,
Date of publication, distribution, etc. .
300 ## - PHYSICAL DESCRIPTION
Extent 174 p. :
526 ## - STUDY PROGRAM INFORMATION NOTE
Program name 0
Interest level 0
Reading level 0
Title point value 728_300000000000000_ANT
650 ## - SUBJECT ADDED ENTRY--TOPICAL TERM
Topical term or geographic name entry element MCE
9 (RLIN) 379
942 ## - ADDED ENTRY ELEMENTS (KOHA)
Source of classification or shelving scheme
Koha item type Book
Holdings
Withdrawn status Lost status Source of classification or shelving scheme Damaged status Not for loan Permanent Location Current Location Date acquired Total Checkouts Full call number Barcode Date last seen Price effective from Koha item type
          Military College of Engineering (MCE) Military College of Engineering (MCE) 09/22/2014   728.3 ANT MCE-2157 09/22/2014 09/22/2014 Book
© 2023 Central Library, National University of Sciences and Technology. All Rights Reserved.